<?xml version="1.0" encoding="UTF-8"?><?xml-stylesheet type="text/xsl" href="static/style.xsl"?><OAI-PMH xmlns="http://www.openarchives.org/OAI/2.0/" xmlns:xsi="http://www.w3.org/2001/XMLSchema-instance" xsi:schemaLocation="http://www.openarchives.org/OAI/2.0/ http://www.openarchives.org/OAI/2.0/OAI-PMH.xsd"><responseDate>2026-04-14T19:45:35Z</responseDate><request verb="GetRecord" identifier="oai:uvadoc.uva.es:10324/48558" metadataPrefix="marc">https://uvadoc.uva.es/oai/request</request><GetRecord><record><header><identifier>oai:uvadoc.uva.es:10324/48558</identifier><datestamp>2021-09-05T18:36:52Z</datestamp><setSpec>com_10324_38</setSpec><setSpec>col_10324_787</setSpec></header><metadata><record xmlns="http://www.loc.gov/MARC21/slim" xmlns:doc="http://www.lyncode.com/xoai" xmlns:xsi="http://www.w3.org/2001/XMLSchema-instance" xmlns:dcterms="http://purl.org/dc/terms/" xsi:schemaLocation="http://www.loc.gov/MARC21/slim http://www.loc.gov/standards/marcxml/schema/MARC21slim.xsd">
<leader>00925njm 22002777a 4500</leader>
<datafield tag="042" ind1=" " ind2=" ">
<subfield code="a">dc</subfield>
</datafield>
<datafield tag="720" ind1=" " ind2=" ">
<subfield code="a">Pérez Castro, Natalia</subfield>
<subfield code="e">author</subfield>
</datafield>
<datafield tag="260" ind1=" " ind2=" ">
<subfield code="c">2021</subfield>
</datafield>
<datafield tag="520" ind1=" " ind2=" ">
<subfield code="a">Diseño de un estudio doble ciego, en el que ni el administrador , ni el paciente sepan que&#xd;
tipo de suero está siendo administrado ( suero autólogo o suero enriquecido) para la valoración de la calidad de vida en pacientes con ojo seco, antes y después de la administración de los mismos, a través de escalas validadas ( OSDI y VFQ-25 ).&#xd;
El objetivo del estudio pretende comparar la eficacia del tratamiento con&#xd;
suero autólogo y con suero enriquecido en paciente con ojo seco y la mejora que puede&#xd;
conllevar en la calidad de vida de estos pacientes.&#xd;
Hacemos un estudio cuasiexperimental prospectivo longitudinal comparativo, entre dos grupos de pacientes con ojo seco crónico, que acuden al IOBA de Valladolid a los que se asigna de&#xd;
forma aleatoria con sistema doble ciego, colirio de suero autologo o suero enriquecido con&#xd;
objeto de valorar la eficacia terapéutica y la calidad de vida de estos pacientes, por un periodo de seis meses de seguimiento. Se analizaran los resultados de las pruebas oftalmológicas, Test de Schirmer, BUT, SD-OCT, y las escalas validadas OSDI y NEI VFQ-25 de&#xd;
calidad de vida.&#xd;
Como resultado vemos una reducción significativa de los síntomas asociados al ojo seco, lo que conlleva mejoría en&#xd;
la calidad de vida de estos pacientes.</subfield>
</datafield>
<datafield tag="024" ind2=" " ind1="8">
<subfield code="a">https://uvadoc.uva.es/handle/10324/48558</subfield>
</datafield>
<datafield ind1=" " ind2=" " tag="653">
<subfield code="a">Ojo - Enfermedades</subfield>
</datafield>
<datafield tag="245" ind1="0" ind2="0">
<subfield code="a">Valoración de la calidad de vida en pacientes con ojo seco tratados con colirios de suero autólogo o suero enriquecido: proyecto de investigación</subfield>
</datafield>
</record></metadata></record></GetRecord></OAI-PMH>